XWP Royal Rumble Season 2 Entrants - Statistics

General Stats
  • This quiz has been taken 18 times
  • The average score is 16 of 40
Answer Stats
Hint Answer % Correct
16 Chris Danger
50%
20 Chris Jericho
50%
37 Jackson Montgomery
50%
31 Jet Omega Elliot
50%
22 Undertaker
50%
32 Zachary Welch
50%
28 Alex Silver
38%
7 Angel Alexander
38%
25 Arrow
38%
1 Brett Storm
38%
18 CM Puma
38%
4 Connor
38%
39 Creep-E
38%
9 Curtis Stunt
38%
15 Cycloper
38%
6 DoggyDog
38%
24 Duncan Cunner
38%
10 El Connero
38%
34 Ginji
38%
14 Goldberg
38%
40 Gore & Perkins
38%
30 Jacob Cass
38%
35 Kid Wild
38%
26 Lula
38%
13 Mario Sanchez
38%
5 Matteo
38%
38 Morpheus
38%
27 Mr Macho
38%
19 Phenom
38%
8 Reggie Killer
38%
21 Sean Avery
38%
12 Seth Turner
38%
17 Shadow
38%
33 Stunning Bradd
38%
3 TJ X
38%
2 Undershock
38%
29 Victor X
38%
11 Zack Thompson
38%
36 Antho
25%
23 Francaios
25%
No matching quizzes found
Score Distribution
Percent of People with Each Score
Percentile by Number Answered
Your Score History
You have not taken this quiz